000 00306nam a22001337a 4500
008 171031b xxu||||| |||| 00| 0 eng d
020 _a9780534562236
041 _aeng
080 _26 ED
_a33
100 _a59
101 _aBUS
245 _aCOMMUNICATION FOR RESULTS
_cHAMILTON.CH
942 _2udc
_cBK
999 _c36902
_d36902